Situation géographique institutions européennes - Statistiques

Statistiques générales
  • Ce quiz a été pris 87 fois
  • Le résultat moyen est 5 sur 7
Statistiques - réponses
Institution Situation Géographique % Correct
conseil européen Bruxelles
93%
commission européenne Bruxelles
86%
Parlement européen Bruxelles
85%
Conseil de l'Union européenne Bruxelles
84%
banque centrale européenne Francfort-sur-le-Main
77%
Cours de justice de l'Union européenne Luxembourg
59%
Cour des comptes européenne Luxembourg
41%
Aucun quiz correspondant
Distribution des résultats
% des personnes avec chaque résultat
Percentile par nombre de réponses
Votre historique - résultats
Vous n’avez pas pris ce quiz